000 01537cpcaa2200337 a 4500
001 mm2010085529
003 DLC
005 20260227111732.0
008 100304|||||||||||| eng
010 _amm2010085529
040 _aDLC
_edacs
_cDLC
_dDLC
072 7 _aW
_2lcmd
100 1 _aKent, William,
_dactive 1863.
245 0 0 _aWilliam Kent correspondence and ticket,
_f1863.
300 _a2
_fitems.
506 0 _aOpen to research.
520 8 _aALS (1863 August 15; New Berne, N.C.) addressed to Sgt. Dexter B. Ladd, Boston, Mass., from Kent while serving with the 23rd Massachusetts Infantry, Company H, relating to army supplies and personnel. Includes a ticket for the purchase of photographs from B.F. Evans & Son in Norfolk, Va.
545 0 _aUnion Army officer.
546 _aCollection material in English.
580 _aForms part of: Miscellaneous Manuscripts collection.
600 1 0 _aLadd, Dexter B.
_vCorrespondence.
610 1 0 _aUnited States.
_bArmy
_xSupplies and stores.
610 1 0 _aUnited States.
_bArmy.
_bMassachusetts Infantry Regiment, 23rd (1861-1865).
_bCompany H.
610 2 0 _aB.F. Evans & Son.
651 0 _aMassachusetts
_xHistory
_yCivil War, 1861-1865.
651 0 _aNorth Carolina
_xHistory
_yCivil War, 1861-1865.
651 0 _aUnited States
_xHistory
_yCivil War, 1861-1865
_xPhotography.
656 7 _aArmy officers.
_2itoamc
999 _c44822
_d44822